Meksikon Kahdet Kasvot (Record no. 2766)
[ view plain ]
| 000 -CABECERA | |
|---|---|
| campo de control de longitud fija | 01045nam a2200277 a 4500 |
| 001 - NÚMERO DE CONTROL | |
| campo de control | BRCA_3030 |
| 003 - IDENTIFICADOR DEL NÚMERO DE CONTROL | |
| campo de control | FranzMayer |
| 005 - FECHA Y HORA DE LA ÚLTIMA TRANSACCIÓN | |
| campo de control | 20230717132544.0 |
| 008 - DATOS DE LONGITUD FIJA--INFORMACIÓN GENERAL | |
| campo de control de longitud fija | 260109s2006----fi-a---###---#000-0#fin-# |
| 020 ## - NÚMERO INTERNACIONAL ESTÁNDAR DEL LIBRO | |
| Número Internacional Estándar del Libro | 9529878516 |
| 040 ## - FUENTE DE LA CATALOGACIÓN | |
| Centro/agencia transcriptor | MFM |
| 050 #4 - SIGNATURA TOPOGRÁFICA DE LA BIBLIOTECA DEL CONGRESO | |
| Número de clasificación | NK844 |
| Número de documento/Ítem | .M45 2006 |
| 245 10 - MENCIÓN DE TÍTULO | |
| Título | Meksikon Kahdet Kasvot |
| Resto del título | Ruth D. Lechuga-kokoelma : Franz Mayer-kokoelma. |
| 260 ## - PUBLICACIÓN, DISTRIBUCIÓN, ETC. | |
| Lugar de publicación, distribución, etc. | Helsinki, Filandia |
| Nombre del editor, distribuidor, etc. | Museum of Art and Design |
| Fecha de publicación, distribución, etc. | 2006 |
| 300 ## - DESCRIPCIÓN FÍSICA | |
| Extensión | 1 v. (en varias paginaciones) |
| Otras características físicas | il. a color |
| Dimensiones | 20 cm. |
| 500 ## - NOTA GENERAL | |
| Nota general | L60/N5Catálogo de la exposición realizada en el Museum of Art and Design (Helsinki, Filandia), 26 septiembre, 2006 – 14 enero, 2007 |
| 546 ## - NOTA DE LENGUA/LENGUAJE | |
| Nota de lengua/lenguaje | Texto en : finlandés |
| 600 14 - PUNTO DE ACCESO ADICIONAL DE MATERIA--NOMBRE DE PERSONA | |
| Nombre de persona | Lechuga, Ruth D. |
| Fechas asociadas al nombre | 1920-2004 |
| Subdivisión general | Colecciones de arte |
| 9 (RLIN) | 2457 |
| 600 14 - PUNTO DE ACCESO ADICIONAL DE MATERIA--NOMBRE DE PERSONA | |
| Nombre de persona | Mayer, Franz |
| Fechas asociadas al nombre | 1882-1975 |
| Subdivisión general | Colecciones de arte |
| 9 (RLIN) | 8327 |
| 650 14 - PUNTO DE ACCESO ADICIONAL DE MATERIA--TÉRMINO DE MATERIA | |
| Término de materia o nombre geográfico como elemento de entrada | Arte popular mexicano |
| 9 (RLIN) | 8328 |
| 650 14 - PUNTO DE ACCESO ADICIONAL DE MATERIA--TÉRMINO DE MATERIA | |
| Término de materia o nombre geográfico como elemento de entrada | Artes decorativas |
| Subdivisión geográfica | México |
| 9 (RLIN) | 3532 |
| 740 0# - PUNTO DE ACCESO ADICIONAL--TÍTULO RELACIONADO O ANALÍTICO NO CONTROLADO | |
| Título relacionado o analítico no controlado | Two Faces of Mexico |
| 740 0# - PUNTO DE ACCESO ADICIONAL--TÍTULO RELACIONADO O ANALÍTICO NO CONTROLADO | |
| Título relacionado o analítico no controlado | Ruth D. Lechuga-kokoelma |
| 740 0# - PUNTO DE ACCESO ADICIONAL--TÍTULO RELACIONADO O ANALÍTICO NO CONTROLADO | |
| Título relacionado o analítico no controlado | Franz Mayer-kokoelma |
| 942 ## - ELEMENTOS DE PUNTO DE ACCESO ADICIONAL (KOHA) | |
| Fuente del sistema de clasificación o colocación | Library of Congress Classification |
| Tipo de ítem Koha | Libros |
| Estado de retiro | Estado de pérdida | Estado dañado | No para préstamo | Localización permanente | Ubicación/localización actual | Fecha de adquisición | Total de préstamos | Signatura topográfica completa | Código de barras | Fecha visto por última vez | Precio válido a partir de | Tipo de ítem Koha | Fuente del sistema de clasificación o colocación | Código de colección | Fuente de adquisición | Número de copia |
|---|---|---|---|---|---|---|---|---|---|---|---|---|---|---|---|---|
| El ejemplar forma parte de la colección y puede ser consultado según las políticas vigentes. | Biblioteca del Museo Franz Mayer (Rogerio Casas-Alatriste) | Biblioteca del Museo Franz Mayer (Rogerio Casas-Alatriste) | 20/01/2009 | NK844 .M45 2006 | 01040 | 22/03/2019 | 22/03/2019 | Libros | ||||||||
| El ejemplar forma parte de la colección y puede ser consultado según las políticas vigentes. | Biblioteca del Museo Franz Mayer (Rogerio Casas-Alatriste) | Biblioteca del Museo Franz Mayer (Rogerio Casas-Alatriste) | 17/07/2023 | NK844 .M45 2006 | CONT10062 | 17/07/2023 | 17/07/2023 | Libros | Library of Congress Classification | Fondo Contemporáneo | Donación | 1 | ||||
| El ejemplar forma parte de la colección y puede ser consultado según las políticas vigentes. | Biblioteca del Museo Franz Mayer (Rogerio Casas-Alatriste) | Biblioteca del Museo Franz Mayer (Rogerio Casas-Alatriste) | 17/07/2023 | NK844 .M45 2006 | CONT10063 | 17/07/2023 | 17/07/2023 | Libros | Library of Congress Classification | Fondo Contemporáneo | Donación | 2 |